000 00724nam a2200181Ia 4500
008 090124s9999 xx 000 0 und d
082 _b101468
100 _aऊपासक दत्ताराम रङ्गनाथ
245 _a महान - मनुष्य जातिचा संरक्षक
250 _a1
260 _c1937
300 _a9
600 _aऊपासक दत्ताराम रङ्गनाथ
630 _a महान - मनुष्य जातिचा संरक्षक
700 _aऊपासक दत्ताराम रङ्गनाथ
730 _a महान - मनुष्य जातिचा संरक्षक
942 _cBOOK
999 _c147560
_d147560